[Event "Azerbaijan Chess Championship2015 - Men"]
[Site ""]
[Date "2015.01.06"]
[Round "1"]
[Board "10"]
[White "Asadli, Vugar"]
[Black "Rasulov, Vugar"]
[Result "0-1"]
[WhiteElo "2127"]
[BlackElo "2491"]
[PlyCount "0"]
[EventDate "2015.01.06"]
[EventRounds "9"]
[EventCountry "AZE"]

1. e4 {[%clk 1:30:48]} c5 {[%clk 1:30:37]} 2. Nc3 {[%clk 1:31:01]} e6
{[%clk 1:30:18]} 3. Nge2 {[%clk 1:30:18]} Nc6 {[%clk 1:29:09]} 4. d4
{[%clk 1:28:59]} cxd4 {[%clk 1:29:29]} 5. Nxd4 {[%clk 1:29:11]} d6
{[%clk 1:28:36]} 6. g3 {[%clk 1:23:43]} Nf6 {[%clk 1:25:14]} 7. Bg2
{[%clk 1:23:07]} Bd7 {[%clk 1:25:42]} 8. Nb3 {[%clk 1:20:12]} Be7
{[%clk 1:22:31]} 9. O-O {[%clk 1:16:55]} O-O {[%clk 1:21:39]} 10. f4
{[%clk 1:14:36]} b5 {[%clk 1:19:41]} 11. Be3 {[%clk 1:10:10]} b4 {[%clk 1:19:41]}
12. Nb5 {[%clk 1:09:41]} e5 {[%clk 1:17:36]} 13. fxe5 {[%clk 1:00:04]} Ng4
{[%clk 1:16:23]} 14. exd6 {[%clk 0:56:42]} Nxe3 {[%clk 1:15:18]} 15. dxe7
{[%clk 0:57:04]} Qxe7 {[%clk 1:15:02]} 16. Qe2 {[%clk 0:55:44]} Nxf1
{[%clk 1:15:21]} 17. Rxf1 {[%clk 0:56:08]} a6 {[%clk 1:07:19]} 18. Nc7
{[%clk 0:53:58]} Bg4 {[%clk 1:07:31]} 19. Qxg4 {[%clk 0:54:23]} Qxc7
{[%clk 1:07:57]} 20. Kh1 {[%clk 0:52:45]} Rad8 {[%clk 1:07:07]} 21. Qf4
{[%clk 0:51:41]} Qe5 {[%clk 1:06:58]} 22. c3 {[%clk 0:51:31]} bxc3
{[%clk 1:06:39]} 23. bxc3 {[%clk 0:51:51]} Qxc3 0-1

[Event "Azerbaijan Chess Championship2015 - Men"]
[Site ""]
[Date "2015.01.06"]
[Round "1"]
[Board "11"]
[White "Mammadov, Zaur"]
[Black "Bayramov, Elvin"]
[Result "1-0"]
[WhiteElo "2487"]
[BlackElo "2051"]
[PlyCount "0"]
[EventDate "2015.01.06"]
[EventRounds "9"]
[EventCountry "AZE"]

1. e4 {[%clk 1:30:57]} c5 {[%clk 1:30:48]} 2. c3 {[%clk 1:31:21]} g6
{[%clk 1:29:38]} 3. d4 {[%clk 1:31:45]} cxd4 {[%clk 1:30:04]} 4. cxd4
{[%clk 1:32:10]} Bg7 {[%clk 1:30:16]} 5. Nc3 {[%clk 1:31:55]} d6 {[%clk 1:30:07]}
6. h3 {[%clk 1:32:07]} Nc6 {[%clk 1:29:33]} 7. Nf3 {[%clk 1:32:27]} Nf6
{[%clk 1:29:30]} 8. Be2 {[%clk 1:32:43]} a6 {[%clk 1:28:32]} 9. O-O
{[%clk 1:30:50]} O-O {[%clk 1:28:07]} 10. Be3 {[%clk 1:26:35]} b5
{[%clk 1:24:29]} 11. Rc1 {[%clk 1:26:26]} Bb7 {[%clk 1:24:46]} 12. d5
{[%clk 1:24:05]} Nb8 {[%clk 1:18:25]} 13. b4 {[%clk 1:00:28]} Nbd7
{[%clk 1:16:49]} 14. Nd2 {[%clk 1:00:45]} Rc8 {[%clk 1:16:36]} 15. Bd4
{[%clk 0:59:55]} Nh5 {[%clk 1:13:11]} 16. Bxg7 {[%clk 0:57:20]} Nxg7
{[%clk 1:13:30]} 17. Nb3 {[%clk 0:57:25]} Qb6 {[%clk 1:03:38]} 18. Na5
{[%clk 0:53:48]} Rc7 {[%clk 0:59:17]} 19. a4 {[%clk 0:50:43]} Rfc8
{[%clk 0:59:39]} 20. Qd2 {[%clk 0:51:03]} Nf6 {[%clk 0:57:03]} 21. axb5
{[%clk 0:46:58]} axb5 {[%clk 0:56:34]} 22. Nxb7 {[%clk 0:46:23]} Qxb7
{[%clk 0:55:00]} 23. Nxb5 {[%clk 0:46:15]} Rxc1 {[%clk 0:47:58]} 24. Rxc1
{[%clk 0:46:41]} Nxe4 {[%clk 0:46:34]} 25. Rxc8+ {[%clk 0:46:53]} Qxc8
{[%clk 0:46:59]} 26. Qe3 {[%clk 0:47:14]} Qc2 {[%clk 0:41:01]} 27. Nd4
{[%clk 0:44:34]} Qb1+ {[%clk 0:40:05]} 28. Kh2 {[%clk 0:44:42]} Qxb4
{[%clk 0:34:40]} 29. Nc6 {[%clk 0:43:55]} Qa4 {[%clk 0:34:39]} 30. Qb6
{[%clk 0:33:09]} Nf5 {[%clk 0:31:16]} 31. Bg4 {[%clk 0:30:43]} Nc5
{[%clk 0:20:12]} 32. Qb1 {[%clk 0:19:51]} Qf4+ {[%clk 0:16:47]} 33. Kg1
{[%clk 0:20:20]} e6 {[%clk 0:08:22]} 34. dxe6 {[%clk 0:15:05]} fxe6
{[%clk 0:08:38]} 35. Bxf5 {[%clk 0:11:33]} exf5 {[%clk 0:07:44]} 36. Qa2+
{[%clk 0:09:56]} Kg7 {[%clk 0:06:57]} 37. Nd8 {[%clk 0:10:25]} Kh6
{[%clk 0:04:57]} 38. Qb2 {[%clk 0:10:35]} Qc4 {[%clk 0:02:01]} 39. Qd2+
{[%clk 0:10:02]} Kg7 {[%clk 0:01:06]} 40. Qxd6 {[%clk 0:40:31]} Qc1+
{[%clk 0:30:36]} 41. Kh2 {[%clk 0:40:59]} Kh6 {[%clk 0:16:55]} 42. Qe5
{[%clk 0:28:04]} Qc4 {[%clk 0:13:31]} 43. g3 {[%clk 0:28:28]} f4 {[%clk 0:01:04]}
44. gxf4 {[%clk 0:27:43]} Nd7 {[%clk 0:00:34]} 45. Qg5+ {[%clk 0:27:33]} Kg7
{[%clk 0:00:58]} 46. Qe7+ {[%clk 0:28:00]} Kg8 {[%clk 0:01:20]} 47. Ne6
{[%clk 0:28:17]} 1-0

[Event "Azerbaijan Chess Championship2015 - Men"]
[Site ""]
[Date "2015.01.07"]
[Round "2"]
[Board "1"]
[White "Bajarani, Ulvi"]
[Black "Mamedov, Rauf"]
[Result "0-1"]
[WhiteElo "2494"]
[BlackElo "2642"]
[PlyCount "0"]
[EventDate "2015.01.06"]
[EventRounds "9"]
[EventCountry "AZE"]

1. e4 {[%clk 1:30:55]} c5 {[%clk 1:30:53]} 2. Nf3 {[%clk 1:31:19]} Nc6
{[%clk 1:31:19]} 3. d4 {[%clk 1:31:32]} cxd4 {[%clk 1:31:45]} 4. Nxd4
{[%clk 1:31:54]} g6 {[%clk 1:32:09]} 5. Nc3 {[%clk 1:32:14]} Bg7 {[%clk 1:32:33]}
6. Be3 {[%clk 1:32:38]} Nf6 {[%clk 1:32:57]} 7. Bc4 {[%clk 1:33:01]} d6
{[%clk 1:33:24]} 8. f3 {[%clk 1:32:59]} O-O {[%clk 1:33:48]} 9. Bb3
{[%clk 1:32:41]} Bd7 {[%clk 1:34:14]} 10. Qd2 {[%clk 1:32:59]} Na5
{[%clk 1:34:39]} 11. Bh6 {[%clk 1:30:14]} Bxh6 {[%clk 1:27:20]} 12. Qxh6
{[%clk 1:30:33]} e5 {[%clk 1:27:48]} 13. Nde2 {[%clk 1:30:29]} b5
{[%clk 1:28:14]} 14. Qd2 {[%clk 1:20:38]} Nxb3 {[%clk 1:11:15]} 15. axb3
{[%clk 1:20:53]} b4 {[%clk 1:11:03]} 16. Na2 {[%clk 1:14:06]} d5 {[%clk 1:03:07]}
17. exd5 {[%clk 1:14:08]} a5 {[%clk 1:03:25]} 18. c4 {[%clk 1:08:16]} bxc3
{[%clk 1:01:45]} 19. bxc3 {[%clk 1:08:34]} a4 {[%clk 1:02:04]} 20. bxa4
{[%clk 1:07:24]} Rxa4 {[%clk 1:00:57]} 21. Rd1 {[%clk 1:06:11]} Qb6
{[%clk 0:53:13]} 22. Nb4 {[%clk 1:03:01]} Bb5 {[%clk 0:51:54]} 23. Nc1
{[%clk 0:57:41]} Rc8 {[%clk 0:49:29]} 24. d6 {[%clk 0:50:52]} Qc5
{[%clk 0:25:20]} 25. Nca2 {[%clk 0:38:49]} e4 {[%clk 0:19:45]} 26. f4
{[%clk 0:31:09]} e3 {[%clk 0:08:41]} 27. Qb2 {[%clk 0:30:42]} Bc4
{[%clk 0:06:09]} 28. Nc1 {[%clk 0:30:53]} Rd8 {[%clk 0:04:55]} 29. Ncd3
{[%clk 0:28:48]} Qxd6 {[%clk 0:05:10]} 30. Qc2 {[%clk 0:29:02]} Raa8
{[%clk 0:02:30]} 31. O-O {[%clk 0:27:08]} Qb6 {[%clk 0:02:40]} 32. Kh1
{[%clk 0:27:17]} Ne4 {[%clk 0:03:02]} 33. Rf3 {[%clk 0:22:37]} Nd2
{[%clk 0:03:02]} 34. Rh3 {[%clk 0:22:54]} Bb3 {[%clk 0:03:06]} 0-1

[Event "Azerbaijan Chess Championship2015 - Men"]
[Site ""]
[Date "2015.01.07"]
[Round "2"]
[Board "2"]
[White "Rasulov, Vugar"]
[Black "Durarbayli, Vasif"]
[Result "1/2-1/2"]
[WhiteElo "2491"]
[BlackElo "2635"]
[PlyCount "0"]
[EventDate "2015.01.06"]
[EventRounds "9"]
[EventCountry "AZE"]

1. e4 {[%clk 1:29:41]} e5 {[%clk 1:30:37]} 2. Nf3 {[%clk 1:29:29]} Nc6
{[%clk 1:31:02]} 3. Bb5 {[%clk 1:29:17]} a6 {[%clk 1:31:27]} 4. Ba4
{[%clk 1:29:36]} Nf6 {[%clk 1:31:51]} 5. O-O {[%clk 1:29:30]} b5 {[%clk 1:32:17]}
6. Bb3 {[%clk 1:29:56]} Bc5 {[%clk 1:32:43]} 7. d3 {[%clk 1:29:17]} d6
{[%clk 1:32:41]} 8. c3 {[%clk 1:28:40]} Bb6 {[%clk 1:30:00]} 9. a4
{[%clk 1:27:06]} Rb8 {[%clk 1:30:14]} 10. h3 {[%clk 1:25:27]} O-O
{[%clk 1:30:24]} 11. Na3 {[%clk 1:25:36]} b4 {[%clk 1:26:55]} 12. Nc4
{[%clk 1:25:15]} bxc3 {[%clk 1:26:54]} 13. bxc3 {[%clk 1:25:24]} Ba7
{[%clk 1:27:20]} 14. Be3 {[%clk 1:22:42]} Bxe3 {[%clk 1:24:36]} 15. Nxe3
{[%clk 1:20:31]} Be6 {[%clk 1:25:00]} 16. Bc4 {[%clk 1:15:00]} Bxc4
{[%clk 1:21:53]} 17. Nxc4 {[%clk 1:15:19]} d5 {[%clk 1:20:08]} 18. Ncxe5
{[%clk 1:11:45]} Nxe5 {[%clk 1:20:31]} 19. Nxe5 {[%clk 1:12:11]} Qd6
{[%clk 1:20:50]} 20. Ng4 {[%clk 1:10:52]} dxe4 {[%clk 1:21:04]} 21. Nxf6+
{[%clk 1:11:18]} Qxf6 {[%clk 1:21:30]} 22. dxe4 {[%clk 1:11:17]} Qxc3
{[%clk 1:21:52]} 23. Qe2 {[%clk 1:06:48]} a5 {[%clk 1:19:29]} 24. Rac1
{[%clk 1:05:51]} Qe5 {[%clk 1:18:53]} 25. Rc4 {[%clk 1:05:53]} Rb2
{[%clk 1:18:10]} 26. Qd3 {[%clk 1:05:40]} h6 {[%clk 1:11:55]} 27. Rfc1
{[%clk 1:04:03]} Rb4 {[%clk 1:08:04]} 28. Qd5 {[%clk 0:56:05]} Qxd5
{[%clk 1:04:33]} 29. exd5 {[%clk 0:56:25]} Rd8 {[%clk 1:04:58]} 30. Rxb4
{[%clk 0:56:21]} axb4 {[%clk 1:05:19]} 31. Rxc7 {[%clk 0:56:15]} Rxd5
{[%clk 1:05:42]} 32. Rb7 {[%clk 0:56:42]} Rd4 {[%clk 1:05:44]} 33. a5
{[%clk 0:57:06]} Rd1+ {[%clk 1:06:10]} 1/2-1/2

[Event "Azerbaijan Chess Championship2015 - Men"]
[Site ""]
[Date "2015.01.07"]
[Round "2"]
[Board "3"]
[White "Mammadov, Zaur"]
[Black "Gasimov, Parviz"]
[Result "1-0"]
[WhiteElo "2487"]
[BlackElo "2517"]
[PlyCount "0"]
[EventDate "2015.01.06"]
[EventRounds "9"]
[EventCountry "AZE"]

1. e4 {[%clk 1:30:57]} c5 {[%clk 1:30:43]} 2. c3 {[%clk 1:31:23]} d5
{[%clk 1:30:47]} 3. exd5 {[%clk 1:31:46]} Qxd5 {[%clk 1:30:56]} 4. d4
{[%clk 1:32:11]} Nc6 {[%clk 1:30:55]} 5. Nf3 {[%clk 1:32:36]} Bf5
{[%clk 1:30:57]} 6. Be3 {[%clk 1:30:36]} Nf6 {[%clk 1:30:18]} 7. Na3
{[%clk 1:28:55]} cxd4 {[%clk 1:27:19]} 8. Bc4 {[%clk 1:29:08]} Qa5
{[%clk 1:24:58]} 9. Nxd4 {[%clk 0:54:55]} Nxd4 {[%clk 1:16:58]} 10. Bxd4
{[%clk 0:43:38]} e5 {[%clk 1:11:37]} 11. Bb5+ {[%clk 0:43:13]} Bd7
{[%clk 1:09:43]} 12. Bxd7+ {[%clk 0:39:53]} Nxd7 {[%clk 1:10:02]} 13. Nc4
{[%clk 0:40:06]} Qc7 {[%clk 1:01:34]} 14. Qe2 {[%clk 0:39:43]} f6
{[%clk 0:55:56]} 15. Be3 {[%clk 0:34:15]} Rc8 {[%clk 0:49:39]} 16. Nd2
{[%clk 0:30:37]} Bc5 {[%clk 0:44:49]} 17. O-O {[%clk 0:30:47]} O-O
{[%clk 0:42:06]} 18. Rfd1 {[%clk 0:31:15]} Rfd8 {[%clk 0:39:13]} 19. Ne4
{[%clk 0:30:45]} Bxe3 {[%clk 0:37:21]} 20. Qxe3 {[%clk 0:31:13]} Nb6
{[%clk 0:35:15]} 21. Qh3 {[%clk 0:28:27]} Qc6 {[%clk 0:26:38]} 22. Qg4
{[%clk 0:28:55]} Kh8 {[%clk 0:19:59]} 23. b3 {[%clk 0:27:39]} Nd5
{[%clk 0:18:11]} 24. c4 {[%clk 0:28:02]} Ne7 {[%clk 0:15:11]} 25. Nc3
{[%clk 0:27:20]} a6 {[%clk 0:14:15]} 26. Rac1 {[%clk 0:19:42]} Qb6
{[%clk 0:08:58]} 27. h3 {[%clk 0:18:28]} Rc6 {[%clk 0:06:21]} 28. Rd7
{[%clk 0:12:51]} f5 {[%clk 0:05:19]} 29. Qh5 {[%clk 0:10:07]} g6 {[%clk 0:04:10]}
30. Na4 {[%clk 0:10:12]} Qa5 {[%clk 0:02:51]} 31. Qd1 {[%clk 0:09:05]} Rcc8
{[%clk 0:01:26]} 32. Qd6 {[%clk 0:06:26]} Rxd7 {[%clk 0:01:09]} 33. Qxd7
{[%clk 0:06:55]} Qc7 {[%clk 0:01:19]} 34. Rd1 {[%clk 0:06:47]} b5
{[%clk 0:00:36]} 35. Qe6 {[%clk 0:06:09]} Re8 {[%clk 0:00:34]} 36. Nb6
{[%clk 0:05:01]} Qc5 {[%clk 0:00:35]} 37. Nd5 {[%clk 0:04:44]} 1-0

[Event "Azerbaijan Chess Championship2015 - Men"]
[Site ""]
[Date "2015.01.07"]
[Round "2"]
[Board "4"]
[White "Safarli, Eltaj"]
[Black "Shahaliyev, Ismayil"]
[Result "1-0"]
[WhiteElo "2635"]
[BlackElo "2273"]
[PlyCount "0"]
[EventDate "2015.01.06"]
[EventRounds "9"]
[EventCountry "AZE"]

1. e4 {[%clk 1:30:51]} e5 {[%clk 1:30:56]} 2. Nf3 {[%clk 1:31:11]} Nc6
{[%clk 1:31:21]} 3. Bb5 {[%clk 1:31:36]} a6 {[%clk 1:31:47]} 4. Ba4
{[%clk 1:32:01]} Nf6 {[%clk 1:32:13]} 5. O-O {[%clk 1:32:23]} Nxe4
{[%clk 1:32:27]} 6. d4 {[%clk 1:32:04]} b5 {[%clk 1:32:53]} 7. Bb3
{[%clk 1:32:59]} d5 {[%clk 1:33:20]} 8. dxe5 {[%clk 1:33:11]} Be6
{[%clk 1:33:45]} 9. c3 {[%clk 1:31:29]} Be7 {[%clk 1:30:46]} 10. Nbd2
{[%clk 1:29:07]} O-O {[%clk 1:30:21]} 11. Bc2 {[%clk 1:28:53]} f5
{[%clk 1:28:00]} 12. exf6 {[%clk 1:25:24]} Nxf6 {[%clk 1:28:19]} 13. Re1
{[%clk 1:25:47]} Bg4 {[%clk 1:19:27]} 14. h3 {[%clk 1:24:41]} Bh5
{[%clk 1:18:44]} 15. Bf5 {[%clk 1:24:59]} Kh8 {[%clk 1:08:43]} 16. g4
{[%clk 1:21:03]} Bf7 {[%clk 0:56:06]} 17. Ng5 {[%clk 1:18:39]} Bg8
{[%clk 0:54:16]} 18. Ndf3 {[%clk 1:16:04]} Bd6 {[%clk 0:53:40]} 19. Kg2
{[%clk 1:12:42]} Ne7 {[%clk 0:52:02]} 20. Be6 {[%clk 1:12:08]} Qe8
{[%clk 0:49:44]} 21. Bxg8 {[%clk 1:07:58]} Nfxg8 {[%clk 0:47:07]} 22. Ne6
{[%clk 1:06:13]} Rf7 {[%clk 0:46:23]} 23. a4 {[%clk 1:01:56]} h6 {[%clk 0:42:19]}
24. axb5 {[%clk 0:59:31]} axb5 {[%clk 0:42:39]} 25. Rxa8 {[%clk 0:59:55]} Qxa8
{[%clk 0:43:05]} 26. g5 {[%clk 1:00:21]} Ng6 {[%clk 0:37:09]} 27. gxh6
{[%clk 0:57:51]} Nxh6 {[%clk 0:36:56]} 28. Nfd4 {[%clk 0:55:23]} Nh4+
{[%clk 0:27:34]} 29. Kg1 {[%clk 0:54:41]} c5 {[%clk 0:27:15]} 30. Qh5
{[%clk 0:53:23]} Rf6 {[%clk 0:27:25]} 31. Bg5 {[%clk 0:53:04]} Rg6
{[%clk 0:27:41]} 32. Qxh4 {[%clk 0:53:24]} cxd4 {[%clk 0:28:04]} 33. Qxd4
{[%clk 0:53:46]} Nf7 {[%clk 0:25:46]} 34. Qg4 {[%clk 0:53:07]} Nh6
{[%clk 0:24:45]} 35. Qe2 {[%clk 0:50:07]} Qe8 {[%clk 0:20:33]} 36. h4
{[%clk 0:49:24]} 1-0

[Event "Azerbaijan Chess Championship2015 - Men"]
[Site ""]
[Date "2015.01.07"]
[Round "2"]
[Board "5"]
[White "Guseinov, Gadir"]
[Black "Abdulov, Orkhan"]
[Result "1-0"]
[WhiteElo "2610"]
[BlackElo "2342"]
[PlyCount "0"]
[EventDate "2015.01.06"]
[EventRounds "9"]
[EventCountry "AZE"]

1. e4 {[%clk 1:28:39]} e5 {[%clk 1:29:44]} 2. Nf3 {[%clk 1:28:24]} Nc6
{[%clk 1:29:24]} 3. Bb5 {[%clk 1:28:31]} a6 {[%clk 1:28:43]} 4. Bxc6
{[%clk 1:28:47]} dxc6 {[%clk 1:28:47]} 5. O-O {[%clk 1:29:11]} Bg4
{[%clk 1:28:34]} 6. h3 {[%clk 1:29:12]} Bxf3 {[%clk 1:28:40]} 7. Qxf3
{[%clk 1:29:35]} Qd7 {[%clk 1:28:54]} 8. d3 {[%clk 1:25:47]} O-O-O
{[%clk 1:29:08]} 9. Nd2 {[%clk 1:26:00]} f6 {[%clk 1:28:59]} 10. Nc4
{[%clk 1:25:36]} g5 {[%clk 1:28:47]} 11. b4 {[%clk 1:24:51]} h5 {[%clk 1:25:15]}
12. Qe3 {[%clk 1:25:10]} Kb8 {[%clk 1:24:07]} 13. a4 {[%clk 1:24:03]} b6
{[%clk 1:12:18]} 14. Ba3 {[%clk 1:20:11]} Qd4 {[%clk 1:03:39]} 15. Qxd4
{[%clk 1:08:48]} Rxd4 {[%clk 1:02:12]} 16. Rfb1 {[%clk 1:09:09]} Nh6
{[%clk 1:01:05]} 17. Kf1 {[%clk 1:06:57]} Be7 {[%clk 0:56:29]} 18. b5
{[%clk 0:54:20]} Bxa3 {[%clk 0:51:38]} 19. Rxa3 {[%clk 0:54:39]} cxb5
{[%clk 0:36:07]} 20. axb5 {[%clk 0:54:55]} a5 {[%clk 0:36:36]} 21. Ke2
{[%clk 0:55:00]} Ng8 {[%clk 0:30:21]} 22. c3 {[%clk 0:37:07]} Rd7
{[%clk 0:29:10]} 23. Rd1 {[%clk 0:37:20]} Ne7 {[%clk 0:28:38]} 24. d4
{[%clk 0:37:43]} Rhd8 {[%clk 0:27:41]} 25. d5 {[%clk 0:36:15]} Nc8
{[%clk 0:27:03]} 26. Nd2 {[%clk 0:36:11]} Nd6 {[%clk 0:26:14]} 27. c4
{[%clk 0:36:35]} f5 {[%clk 0:22:32]} 28. exf5 {[%clk 0:29:40]} Nxf5
{[%clk 0:22:29]} 29. Re1 {[%clk 0:28:42]} Nd4+ {[%clk 0:17:54]} 30. Kd1
{[%clk 0:28:59]} Rf7 {[%clk 0:18:14]} 31. Rxe5 {[%clk 0:27:17]} Rxf2
{[%clk 0:18:07]} 32. Rd3 {[%clk 0:27:02]} c5 {[%clk 0:10:53]} 33. bxc6
{[%clk 0:19:58]} Nxc6 34. Rxg5 {[%clk 0:19:54]} a4 {[%clk 0:11:01]} 35. Ra3
{[%clk 0:16:01]} Nd4 {[%clk 0:03:15]} 36. Rg6 {[%clk 0:11:12]} Re8
{[%clk 0:03:23]} 37. Rd3 {[%clk 0:10:56]} a3 {[%clk 0:02:33]} 38. Rxb6+
{[%clk 0:09:41]} Kc7 {[%clk 0:02:16]} 39. Ra6 {[%clk 0:09:39]} Nf5
{[%clk 0:01:35]} 40. d6+ {[%clk 0:36:19]} Kd7 {[%clk 0:30:37]} 41. Ra7+
{[%clk 0:35:28]} Kc6 {[%clk 0:30:42]} 42. Rc7+ {[%clk 0:35:22]} Kb6
{[%clk 0:31:07]} 43. Rb3+ {[%clk 0:35:36]} Ka6 {[%clk 0:31:33]} 44. Rxa3+
{[%clk 0:36:00]} Kb6 {[%clk 0:31:52]} 45. c5+ {[%clk 0:36:11]} 1-0

[Event "Azerbaijan Chess Championship2015 - Men"]
[Site ""]
[Date "2015.01.07"]
[Round "2"]
[Board "6"]
[White "Abasov, Nijat"]
[Black "Mirzoev, Azer"]
[Result "0-1"]
[WhiteElo "2530"]
[BlackElo "2549"]
[PlyCount "0"]
[EventDate "2015.01.06"]
[EventRounds "9"]
[EventCountry "AZE"]

1. e4 {[%clk 1:30:57]} c6 {[%clk 1:16:06]} 2. d4 {[%clk 1:26:29]} d5
{[%clk 1:16:24]} 3. Nc3 {[%clk 1:26:53]} dxe4 {[%clk 1:16:45]} 4. Nxe4
{[%clk 1:27:14]} Bf5 {[%clk 1:17:09]} 5. Ng3 {[%clk 1:27:33]} Bg6
{[%clk 1:17:35]} 6. Nf3 {[%clk 1:27:55]} Nd7 {[%clk 1:17:40]} 7. Bd3
{[%clk 1:27:59]} Ngf6 {[%clk 1:17:22]} 8. O-O {[%clk 1:26:43]} e6
{[%clk 1:17:43]} 9. Re1 {[%clk 1:24:09]} Be7 {[%clk 1:17:15]} 10. Bxg6
{[%clk 1:17:35]} hxg6 {[%clk 1:17:29]} 11. Qd3 {[%clk 1:17:57]} O-O
{[%clk 1:16:51]} 12. Bf4 {[%clk 1:02:54]} c5 {[%clk 1:12:21]} 13. dxc5
{[%clk 1:00:36]} Nxc5 {[%clk 1:12:35]} 14. Qe2 {[%clk 1:00:41]} Qb6
{[%clk 1:09:42]} 15. c4 {[%clk 0:57:52]} Rad8 {[%clk 1:05:56]} 16. Ne5
{[%clk 0:52:32]} Nfd7 {[%clk 0:58:00]} 17. Red1 {[%clk 0:51:07]} Nxe5
{[%clk 0:52:39]} 18. Bxe5 {[%clk 0:51:09]} Rxd1+ {[%clk 0:51:34]} 19. Rxd1
{[%clk 0:51:30]} Rd8 {[%clk 0:52:00]} 20. b3 {[%clk 0:25:24]} Qa5
{[%clk 0:37:09]} 21. Rxd8+ {[%clk 0:21:54]} Qxd8 {[%clk 0:37:32]} 22. h3
{[%clk 0:22:15]} Qd3 {[%clk 0:33:43]} 23. Bf4 {[%clk 0:21:55]} a6
{[%clk 0:27:06]} 24. Qe5 {[%clk 0:13:01]} Qd1+ {[%clk 0:24:35]} 25. Nf1
{[%clk 0:11:00]} Qd8 {[%clk 0:21:59]} 26. Be3 {[%clk 0:10:18]} Nd3
{[%clk 0:21:51]} 27. Qe4 {[%clk 0:09:54]} Qd7 {[%clk 0:22:10]} 28. Qf3
{[%clk 0:05:12]} Nb4 {[%clk 0:21:17]} 29. Qe2 {[%clk 0:04:24]} Qd3
{[%clk 0:21:13]} 30. Qb2 {[%clk 0:02:45]} Bf6 {[%clk 0:18:55]} 31. Qa3
{[%clk 0:03:12]} Bc3 {[%clk 0:13:43]} 32. Qa5 {[%clk 0:02:28]} Nc2
{[%clk 0:08:31]} 33. Qc7 {[%clk 0:02:03]} Nxe3 {[%clk 0:06:52]} 34. Nxe3
{[%clk 0:02:30]} Qe4 {[%clk 0:06:54]} 35. Qd8+ {[%clk 0:01:22]} Kh7
{[%clk 0:07:19]} 36. Qd1 {[%clk 0:01:49]} f5 {[%clk 0:05:47]} 37. Qc2
{[%clk 0:01:36]} Qe5 {[%clk 0:04:52]} 38. Qd3 {[%clk 0:00:40]} Bb4
{[%clk 0:05:13]} 39. Nc2 {[%clk 0:00:42]} Bc5 {[%clk 0:05:25]} 40. Qd2
{[%clk 0:30:34]} Qb2 {[%clk 0:34:23]} 41. b4 {[%clk 0:26:04]} Bxb4
{[%clk 0:27:52]} 42. Qxb4 {[%clk 0:26:25]} Qxc2 {[%clk 0:28:19]} 43. Qxb7
{[%clk 0:22:34]} Qc1+ {[%clk 0:28:39]} 44. Kh2 {[%clk 0:23:01]} Qxc4
{[%clk 0:29:03]} 45. Qe7 {[%clk 0:22:31]} a5 {[%clk 0:27:59]} 46. g4
{[%clk 0:17:08]} Qf4+ {[%clk 0:17:26]} 47. Kg2 {[%clk 0:16:08]} Qe4+
{[%clk 0:17:51]} 48. Kg1 {[%clk 0:16:22]} Qd5 {[%clk 0:17:38]} 49. Qg5
{[%clk 0:15:11]} Qd7 {[%clk 0:16:18]} 50. a4 {[%clk 0:13:19]} Qe8
{[%clk 0:13:31]} 51. Qf4 {[%clk 0:11:35]} e5 {[%clk 0:12:32]} 52. Qc4
{[%clk 0:10:26]} Qd7 {[%clk 0:11:15]} 53. gxf5 {[%clk 0:09:56]} gxf5
{[%clk 0:11:31]} 54. Qc5 {[%clk 0:09:56]} Qd1+ {[%clk 0:11:25]} 55. Kg2
{[%clk 0:10:18]} Qxa4 {[%clk 0:11:20]} 0-1

[Event "Azerbaijan Chess Championship2015 - Men"]
[Site ""]
[Date "2015.01.07"]
[Round "2"]
[Board "7"]
[White "Guliev, Logman"]
[Black "Rzayev, Bahruz"]
[Result "1-0"]
[WhiteElo "2385"]
[BlackElo "2416"]
[PlyCount "0"]
[EventDate "2015.01.06"]
[EventRounds "9"]
[EventCountry "AZE"]

1. e4 {[%clk 1:30:12]} e5 {[%clk 1:30:53]} 2. Nf3 {[%clk 1:30:34]} Nc6
{[%clk 1:31:18]} 3. Bb5 {[%clk 1:30:21]} a6 {[%clk 1:31:40]} 4. Ba4
{[%clk 1:30:44]} Nf6 {[%clk 1:32:02]} 5. O-O {[%clk 1:31:05]} Be7
{[%clk 1:32:30]} 6. Re1 {[%clk 1:31:22]} b5 {[%clk 1:32:56]} 7. Bb3
{[%clk 1:31:46]} Bb7 {[%clk 1:33:20]} 8. c3 {[%clk 1:30:26]} O-O {[%clk 1:33:43]}
9. d4 {[%clk 1:30:09]} exd4 {[%clk 1:31:45]} 10. e5 {[%clk 1:28:58]} Ne8
{[%clk 1:32:10]} 11. cxd4 {[%clk 1:28:35]} d5 {[%clk 1:29:52]} 12. Nc3
{[%clk 1:22:09]} Na5 {[%clk 1:29:59]} 13. Bc2 {[%clk 1:22:31]} c5
{[%clk 1:29:17]} 14. dxc5 {[%clk 1:21:40]} g6 {[%clk 1:23:20]} 15. b4
{[%clk 1:19:12]} Nc4 {[%clk 1:23:30]} 16. a4 {[%clk 1:17:28]} Nc7
{[%clk 1:12:32]} 17. Nd4 {[%clk 1:13:21]} Qd7 {[%clk 1:07:17]} 18. Bh6
{[%clk 1:04:37]} Rfe8 {[%clk 1:07:02]} 19. Qf3 {[%clk 0:57:43]} Ne6
{[%clk 1:01:23]} 20. Qg4 {[%clk 0:55:37]} Bf8 {[%clk 0:31:48]} 21. Bxf8
{[%clk 0:54:50]} Kxf8 {[%clk 0:31:38]} 22. Qh3 {[%clk 0:45:31]} Qc7
{[%clk 0:27:19]} 23. Nxe6+ {[%clk 0:43:46]} Rxe6 {[%clk 0:27:09]} 24. axb5
{[%clk 0:43:44]} Rxe5 {[%clk 0:27:13]} 25. c6 {[%clk 0:40:15]} Rae8
{[%clk 0:24:29]} 26. Red1 {[%clk 0:36:36]} Qe7 {[%clk 0:17:40]} 27. g3
{[%clk 0:32:00]} Bc8 {[%clk 0:13:42]} 28. Qh6+ {[%clk 0:29:34]} Kg8
{[%clk 0:14:07]} 29. Nxd5 {[%clk 0:29:32]} Qd6 {[%clk 0:13:49]} 30. Qf4
{[%clk 0:26:37]} Rxd5 {[%clk 0:12:17]} 31. Qxc4 {[%clk 0:26:52]} Rxd1+
{[%clk 0:08:52]} 32. Rxd1 {[%clk 0:27:14]} Bh3 {[%clk 0:09:18]} 33. Qc3
{[%clk 0:22:55]} Qb8 {[%clk 0:01:54]} 34. bxa6 {[%clk 0:22:40]} Qb6
{[%clk 0:02:17]} 35. Bd3 Rd8 {[%clk 0:00:42]} 36. c7 {[%clk 0:19:45]} 1-0